| 000 | 00713nam a2200217 i 4500 | ||
|---|---|---|---|
| 001 | bg | ||
| 245 | 0 | 0 |
_aKodeks cywilny ze skorowidzem rzeczowym teoretyczno-normatywnym / _coprac. przez Michała Niedośpiała. |
| 250 | _aStan prawny na 16 grudnia 1999 r. | ||
| 260 |
_aBielsko-Biała : _b"Studio Sto", _c1999. |
||
| 300 |
_a295, [1] s. ; _c20 cm. |
||
| 504 | _aSkorowidz s. 189-290, źródła prawa cywilnego s. 291-[296]. | ||
| 650 | 9 |
_aPrawo cywilne _zPolska _ystan na 1999 r. |
|
| 700 | 1 |
_aNIEDOŚPIAŁ, Michał. _eOprac. |
|
| 020 | _a8387829277 | ||
| 040 | _cBPK | ||
| 041 | 0 | _apl | |
| 080 | _a347(438)(094.4) | ||
| 920 | _a83-87829-27-7 | ||
| 942 | _cKS | ||
| 008 | s pl f |000 0 pol | ||
| 999 |
_c36029 _d36029 |
||
| 856 |
_uhttp://koha.tu.koszalin.pl/cgi-bin/koha/opac-detail.pl?biblionumber=36029 _yKatalog online BPK |
||